| 000 | 01681cam a22004337a 4500 | ||
|---|---|---|---|
| 003 | CHAP | ||
| 005 | 20220329142825.0 | ||
| 008 | 040526s2004 mx abd r 00010 spa d | ||
| 010 | _a88332 | ||
| 011 | _a89304 | ||
| 035 | _a99855 | ||
| 040 | _cCHAP | ||
| 090 | _aTesis | ||
| 100 | 0 | 0 |
_aVásquez Hernández, Trinidad. _9120241 |
| 245 | 1 | 0 |
_aCaracterización ecológica de una localidad de Pseudotsuga menziesii (Mirb.) Franco var. glauca (Beissn.) Franco, en el Estado de Puebla _c/por Trinidad Vásquez Hernández |
| 260 |
_aChapingo, Méx. : _bEl autor, _c2004 |
||
| 300 |
_a53 h. : _bilus. ; gráfs. ; mapas ; cuadros |
||
| 502 | _aTesis (Ing. Forestal) -- UACH. División de Ciencias Forestales | ||
| 530 | _aTambién disponible en línea | ||
| 590 |
_aALEPH _b10 _c20130110 _lUCH01 _h1457 |
||
| 590 |
_aBATCH-UPD _b10 _c20130110 _lUCH01 _h0533 |
||
| 590 |
_aBATCH-UPD _b10 _c20130410 _lUCH01 _h0213 |
||
| 590 |
_aBATCH-UPD _b10 _c20130914 _lUCH01 _h0722 |
||
| 590 |
_aBATCH-UPD _b10 _c20140324 _lUCH01 _h1444 |
||
| 590 |
_aBATCH-UPD _b10 _c20141002 _lUCH01 _h0821 |
||
| 590 |
_aCONVERSION _b10 _c20130109 _lUCH01 _h1349 |
||
| 650 | 1 | 4 |
_aBosques _xEcología. _914131 |
| 650 | 1 | 4 |
_aBosques _xIncendios. _914211 |
| 650 | 1 | 4 |
_aBosques _xPuebla. _914372 |
| 650 | 1 | 4 |
_aBosques _xRegeneración. _914377 |
| 650 | 1 | 4 |
_aPseudotsuga menziesii. _992591 |
| 650 | 1 | 4 |
_aSuelos _xAnálisis. _9110204 |
| 856 |
_3Finding aid _uhttp://10.13.5.2/tesis/99855.pdf _zTeclea aqui |
||
| 901 | _aBK | ||
| 905 | _aMarco A. Mendoza T. | ||
| 942 | _cFOLL | ||
| 949 |
_aTesis _bBC _cTES _d33724000909883 _eTS2 _fc.2 _gDonaciØn _h41866 _i99855 _si |
||
| 949 |
_aTesis _bBC _cTES _d998551 _eTS1 _gDonaciØn _h41865 _i99855 _sb |
||
| 999 |
_c88332 _d88332 |
||